Name a Valid U.S. President by Birth State - Statistics

General Stats
  • This quiz has been taken 9,833 times
  • The average score is 13 of 21
Answer Stats
State # President % Correct
Virginia 8 George Washington | Thomas Jefferson | James Madison | James Monroe | William Henry Harrison | John Tyler | Zachary Taylor | Woodrow Wilson
97%
New York 5 Martin Van Buren | Millard Fillmore | Theodore Roosevelt | Franklin D. Roosevelt | Donald Trump
92%
Hawaii 1 Barack Obama
90%
Massachusetts 4 John Adams | John Quincy Adams | John F. Kennedy | George H. W. Bush
90%
Arkansas 1 Bill Clinton
77%
Ohio 7 Ulysses S. Grant | James A. Garfield | Rutherford B. Hayes | Benjamin Harrison | William McKinley | William H. Taft | Warren G. Harding
77%
Georgia 1 Jimmy Carter
75%
Texas 2 Dwight D. Eisenhower | Lyndon B. Johnson
72%
Kentucky 1 Abraham Lincoln
65%
California 1 Richard Nixon
65%
Pennsylvania 2 James Buchanan | Joe Biden
58%
Connecticut 1 George W. Bush
51%
North Carolina 2 Andrew Johnson | James K. Polk
49%
Missouri 1 Harry S. Truman
49%
Illinois 1 Ronald Reagan
45%
Vermont 2 Chester A. Arthur | Calvin Coolidge
40%
Nebraska 1 Gerald Ford
38%
South Carolina 1 Andrew Jackson
37%
Iowa 1 Herbert Hoover
37%
New Hampshire 1 Franklin Pierce
28%
New Jersey 1 Grover Cleveland
26%
No matching quizzes found
Score Distribution
Percent of People with Each Score
Percentile by Number Answered
Your Score History
You have not taken this quiz